50 films à remplir - 1998 - Statistiques

Statistiques générales
  • Ce quiz a été pris 188 fois
  • Le résultat moyen est 31 sur 50
Statistiques - réponses
Hint Réponse % Correct
La ... est belle Vie
94%
6 jours, ... nuits 7
92%
Il faut sauver le ... Ryan Soldat
92%
Le ... de cons Dîner
91%
L'Homme qui murmurait à l'oreille des ... Chevaux
90%
L'Arme ... 4 Fatale
90%
... (film Disney se déroulant en Chine) Mulan
90%
Le Roi Lion 2 - L'honneur de la ... Tribu
85%
The ... Show Truman
84%
L'Homme au ... de fer Masque
83%
Vous avez un ... Mess@ge
83%
Le ... d'Égypte Prince
83%
... et la Sorcière Kirikou
82%
Les Couloirs du temps - Les ... II Visiteurs
82%
... (avec Samy Naceri) Taxi
81%
American ... X History
77%
... à tout prix Mary
77%
..., le cochon dans la ville Babe
76%
The X-..., le film Files
76%
Le Masque de ... Zorro
76%
... Hour Rush
74%
The Big ... Lebowski
73%
... Ensorceleuses Les
73%
La ... Rouge Ligne
71%
... d'État Ennemi
66%
... dans l'espace Perdus
65%
La Vie rêvée des ... Anges
63%
... Impact Deep
63%
... (de Michael Bay) Armageddon
61%
Star Trek : ... Insurrection
61%
Las Vegas ... Parano
59%
Rencontre avec Joe ... Black
58%
..., le film Pokémon
56%
... d'automne Conte
55%
My Name Is ... Joe
53%
Arnaques, crimes & ... Botanique
52%
Cours, ..., cours Lola
52%
... 2 Scream
50%
... (premier film d'une trilogie de super-héros) Blade
41%
Les Fleurs de ... Shanghai
41%
... (film d'horreur japonais) Ring
40%
Les ... Idiots
38%
... Hit Big
37%
... Eyes Snake
29%
...Z Fourmi
24%
He Got ... Game
21%
... Goldmine Velvet
21%
Docteur ... Patch
20%
... Blue Perfect
17%
...boy Water
15%
Aucun quiz correspondant
Distribution des résultats
% des personnes avec chaque résultat
Percentile par nombre de réponses
Votre historique - résultats
Vous n’avez pas pris ce quiz